Illustrations of the spires and towers of the mediaeval churches of England (Record no. 114139)

MARC details
000 -LEADER
fixed length control field 00832cam a22002055a 4500
001 - CONTROL NUMBER
control field L156268
008 - FIXED-LENGTH DATA ELEMENTS--GENERAL INFORMATION
fixed length control field 120510m18531855xxk f 000 0 eng d
035 ## - SYSTEM CONTROL NUMBER
System control number (Sirsi) u156268
041 0# - LANGUAGE CODE
Language code of text/sound track or separate title eng
100 1# - MAIN ENTRY--PERSONAL NAME
Personal name Wickes, Charles
245 00 - TITLE STATEMENT
Title Illustrations of the spires and towers of the mediaeval churches of England
Remainder of title preceded by some observations on the architecture of the middle ages, and its spire-growth
260 ## - PUBLICATION, DISTRIBUTION, ETC.
Place of publication, distribution, etc. London
Name of publisher, distributor, etc. John Weale...
Date of publication, distribution, etc. 1853-5
300 ## - PHYSICAL DESCRIPTION
Extent 2 v.
Dimensions 57 cm.
505 2# - FORMATTED CONTENTS NOTE
Formatted contents note Vol. 1. Spires -- Vol. 2. Towers
520 ## - SUMMARY, ETC.
Summary, etc. Vol. 1 published by Weale and by Ackermann, vol. 2 by William Mort and by Ackermann. A supplemental third vol. is mentioned in some records.
583 0# - ACTION NOTE
Action Condition reviewed
Time/date of action 20120620
Status condition level 3
651 #4 - SUBJECT ADDED ENTRY--GEOGRAPHIC NAME
Geographic name England
Chronological subdivision 886-
690 ## - LOCAL SUBJECT ADDED ENTRY--TOPICAL TERM (OCLC, RLIN)
Topical term or geographic name as entry element Design and specification
942 ## - ADDED ENTRY ELEMENTS (KOHA)
Suppress in OPAC 0
Holdings
Withdrawn status Lost status Source of classification or shelving scheme Damaged status Not for loan Home library Current library Shelving location Date acquired Total Checkouts Full call number Barcode Date last seen Copy number Price effective from Koha item type
    Dewey Decimal Classification     Historic collection Historic collection Historic collection 10/05/2012   FOLIO 1855 WICKES VOL. 1 30075903 06/08/2019 1 06/08/2019 Book
    Dewey Decimal Classification     Historic collection Historic collection Historic collection 20/02/2013   FOLIO 1855 WICKES VOL. 2 30078105 06/08/2019 1 06/08/2019 Book